00510nam a22001691cc4500001001700000035001500017008004100032020001500073041000800088245005600096264003400152300001100186246009300197773002200290040001600312003001200328a987687955+Band1 aa987687955170721s1996 gw |||| 000u rus d a5860040679 arus00aPartija "Sojuz 17 oktjabrja"nBand 1p1905-1907 gg. aMoskva :bROSSPEN,c1996-2000 a407 S.12aPartija "Sojuz 17 oktjabrja" : Protokoly s'ezdov i zasedanij CK ;. 1905-1907 gg.nBand 108wa987687955qBand1 cRU-10907106RU-10907106